00913nam a22002297a 45000050016000000080041000160100015000570200027000720350013000990370013001120400013001250820013001382450093001512600045002442700103002893000025003925000050004177000025004679420027004929990017005199520147005362012083002362.0120830t xxu||||| |||| 00| 0 eng d aENG-105715 a9789380388496c1095.00 aEN-89248 bDBAD/PUB aDPLbEng a378.0082 aWomen education and empowerment :cedited by Rahul Mishraba sociological perspective / aNew DelhibD.P.S. Publishing Housec2012 a4598/12-B, First Floor, Gola Cottage, Ansari RoadbNew Delhie110002mdpspublishinghouse@gmail.com aviii,264p.c23cm(Hb) aIncludes bibliographical references and index aMishra, Rahul951815 2ddccENmWOMh378.0082 c69553d69553 00102ddc40718NFICaDBADbDBADd2012-08-30eDBAD / PUBg1095.00l0o378.0082 WOMpEN-89248r2012-08-30 00:00:00t1v1095.00w2012-08-30yEN